000 01107cam a22002771i 4500
003 SA-RiAUC
005 20250531160657.0
008 250528s1997 ir g b 00010 ara c
020 _a9646177875
040 _aSA-JeALM
_bara
_cSA-RiAUC
_erda
082 0 4 _a251
_qSA-RiAUC
090 _a251
_bش ر ا
100 1 _aشرارة، عبد الجبار حمد حسين
_eمؤلف.
245 1 0 _aنظرية نفي الضرر في الفقه الإسلامي المقارن /
_cعبد الجبار حمد حسين شرارة.
250 _aالطبعة الأولى.
264 1 _aطهران ؛
_aقم، إيران :
_bرابطة الثقافة والعلاقات الإسلامية،
_c1997
300 _a416 صفحة ؛
_c24 سم
336 _aنص
_btxt
_2rdacontent
_3كتاب
337 _aبدون وسيط
_bn
_2rdamedia
338 _aمجلد
_bnc
_2rdacarrier
500 _aإهداء من أحمد مبلغي.
504 _aببليوجرافية : صفحة 369-408.
650 7 _aأصول الفقه الإسلامي
_2aucsh
942 _2ddc
_cBOOK
_n0
949 _aSA-JeALM
_d250528
_umohamedma123
_n1
999 _c8571
_d8571